000
00271nam a2200121Ia 4500
008
190216s9999||||xx |||||||||||||| ||und||
100
_a
Skaria P P
245
0
_a
Dhana Sasthra Thathuangal
260
_b
Vrindavan Pub
300
_a
304p
650
_a
Economics
942
_c
BK
999
_c
9932
_d
9932